Score 0/80 Timer 20:00
0 Plays Today
# of lines Character % Correct
10494Tony Soprano
99.9%
3731Carmela Soprano
98.4%
1706Paulie Gualtieri
98.2%
1180Anthony Soprano, Jr.
97.9%
1288Meadow Soprano
97.7%
2624Christopher Moltisanti
97.6%
1181Silvio Dante
96.8%
1116Corrado Soprano, Jr.
95.5%
1399Dr. Jennifer Melfi
94.4%
626Bobby Baccalieri, Jr.
91.6%
511Big Pussy Bonpensiero
90.9%
584John Sacrimoni
90.8%
1077Janice Soprano
90.5%
882Adriana La Cerva
90.3%
591Ralph Cifaretto
87.4%
59Jackie Aprile
86.8%
504Livia Soprano
86.1%
265Jackie Aprile, Jr.
85.9%
192Father Phil Intintola
85.2%
419Vito Spatafore
84.4%
338Phil Leotardo
84.4%
346Richie Aprile
83.8%
639Artie Bucco
82.1%
389Tony Blundetto
79.3%
259Rosalie Aprile
77.7%
135Little Carmine Lupertazzi
77.7%
85Carmine Lupertazzi
77.4%
264Furio Giunta
74.3%
71Jim Witowski
73.6%
203Patsy Parisi
71.7%
283Hesh Rabkin
71.4%
216Gloria Trillo
67.8%
178Special Agent Dwight Harris
67.6%
149Charmaine Bucco
67.4%
152Finn DeTrolio
64.4%
153Eugene Pontecorvo
63%
64Johnny Boy Soprano
61.9%
125Angie Bonpensiero
61.5%
156Benny Fazio
61.3%
121Mikey Palmice
61%
# of lines Character % Correct
127Irina Peltsin
59.3%
102Gabriella Dante
56.5%
104Carlo Gervasi
56.2%
96Ginny Sacrimoni
56%
115Hugh DeAngelis
54%
96Svetlana Kirilenko
53.5%
56Jimmy Altieri
53.1%
108Dr. Elliot Kupferberg
53.1%
116Feech La Manna
51.3%
60Hunter Scangarelo
51%
101Little Paulie Germani
49.9%
69Noah Tannenbaum
49.7%
67Gigi Cestone
49.2%
82Matthew Bevilaqua
48.3%
116Mary DeAngelis
48.2%
67Marie Spatafore
48.2%
94Det. Vin Makazian
48.1%
122Valentina La Paz
47.9%
56Barbara Giglione
47.3%
58Butch Deconcini
46.3%
65Ray Curto
45.9%
128Davey Scatino
45.6%
67Larry Boy Barese
43.8%
76Agent Deborah Ciccerone
40.7%
93Beansie Gaeta
40.5%
64Bobby Baccalieri III
38.5%
76Chief Frank Cubitoso
38%
73Georgie Santorelli
37.1%
66Dr. Bruce Cusamano
36.7%
60Blanca Selgado
35.8%
62Marianucci Gualtieri
35.3%
108J.T. Dolan
35.1%
123Julianna Skiff
34.9%
92Agent Skip Lipari
34.6%
94Ronald Zellman
33.4%
115Agent Robyn Sanseverino
32.7%
63Brian Cammarata
30.2%
83Richard LaPenna
30%
99Robert Wegler
28.2%
56Dr. Ira Fried
25.5%
Come Together.
Have Fun.
All Virtual.
We all need to come together. Play Sporcle's virtual live trivia to have fun, connect with people, and get your trivia on. Join a live hosted trivia game for your favorite pub trivia experience done virtually. If a virtual private party is more your thing, go here for details.

You're not logged in!

Compare scores with friends on all Sporcle quizzes.
OR
Log In

Sporcle TV

Today on Sporcle TV


Watch our educational content, quiz creation guides, and fun videos on Sporcle TV.

Show Comments

Extras

Top Quizzes Today


Score Distribution

Paid Content

Your Account Isn't Verified!

In order to create a playlist on Sporcle, you need to verify the email address you used during registration. Go to your Sporcle Settings to finish the process.

Report this User

Report this user for behavior that violates our Community Guidelines.

Details: